000 00611nam a2200181Ia 4500
008 100920s9999 xx 000 0 und d
082 _b95214
_a891.464 न 06
100 _aहंप्रस प्रतिभा श्रीधर.
245 _aझुंज नियतीशी.
260 _bहंप्रस प्रतिभा,औरंगाबाद.
_c2006
300 _a192
_bसाधी
365 _b140
520 _aनिबंध.
630 _aझुंज नियतीशी.
650 _aनिबंध.
730 _aझुंज नियतीशी.
942 _cBOOK
999 _c735656
_d735653